المحاضرات التي ألقاها الأستاذ الشيخ محمد زكريا البرديسي في اصول الفقه الاسلامي بدبلوم القانون الخاص / (Record no. 66366)
[ view plain ]
| 000 -LEADER | |
|---|---|
| fixed length control field | 01233nam a2200301 4500 |
| 003 - CONTROL NUMBER IDENTIFIER | |
| control field | EG-GICUC |
| 005 - DATE AND TIME OF LATEST TRANSACTION | |
| control field | 20260316095809.0 |
| 008 - FIXED-LENGTH DATA ELEMENTS--GENERAL INFORMATION | |
| fixed length control field | 260316s1960 ua ||||fr|||| 000 0 ara d |
| 040 ## - CATALOGING SOURCE | |
| Original cataloging agency | EG-GICUC |
| Language of cataloging | ara |
| Transcribing agency | EG-GICUC |
| Modifying agency | EG-GICUC |
| Description conventions | rda |
| 041 0# - LANGUAGE CODE | |
| Language code of text/sound track or separate title | ara |
| 082 04 - DEWEY DECIMAL CLASSIFICATION NUMBER | |
| Edition number | 21 |
| Classification number | 251 |
| Item number | م ح . م |
| 092 04 - LOCALLY ASSIGNED DEWEY CALL NUMBER (OCLC) | |
| Edition number | 21 |
| 099 ## - LOCAL FREE-TEXT CALL NUMBER (OCLC) | |
| Classification number | Law1 01 251 م ح . م [1960] |
| 100 0# - MAIN ENTRY--PERSONAL NAME | |
| Personal name | محمد زكريا البردسيي. |
| Relator term | مؤلف. |
| 245 12 - TITLE STATEMENT | |
| Title | المحاضرات التي ألقاها الأستاذ الشيخ محمد زكريا البرديسي في اصول الفقه الاسلامي بدبلوم القانون الخاص / |
| Statement of responsibility, etc. | محمد زكريا البرديسي |
| 264 ## - PRODUCTION, PUBLICATION, DISTRIBUTION, MANUFACTURE, AND COPYRIGHT NOTICE | |
| Place of production, publication, distribution, manufacture | الجيزة : |
| Name of producer, publisher, distributor, manufacturer | جامعة القاهرة، |
| Date of production, publication, distribution, manufacture, or copyright notice | [1960]. |
| 300 ## - PHYSICAL DESCRIPTION | |
| Extent | 86 صفحة، صفحات غير مرقمة ؛ |
| Dimensions | 29 سم. |
| 336 ## - CONTENT TYPE | |
| Source | rda content |
| Content type term | text |
| 337 ## - MEDIA TYPE | |
| Source | rda media |
| Media type term | Computer |
| 338 ## - CARRIER TYPE | |
| Source | rda carrier |
| Carrier type term | Online Resource |
| 504 ## - BIBLIOGRAPHY, ETC. NOTE | |
| Bibliography, etc. note | يشتمل على إرجاعات ببليوجرافية. |
| 546 ## - LANGUAGE NOTE | |
| Language note | النص باللغة الفرنسية |
| 650 1# - SUBJECT ADDED ENTRY--TOPICAL TERM | |
| Topical term or geographic name entry element | أصول الفقه الإسلامي. |
| Source of heading or term | qrmak |
| 651 1# - SUBJECT ADDED ENTRY--GEOGRAPHIC NAME | |
| Source of heading or term | qrmak |
| 856 40 - ELECTRONIC LOCATION AND ACCESS | |
| Uniform Resource Identifier | <a href="https://fll.law.cu.edu.eg/fulltext/bks/B01-04937.pdf">https://fll.law.cu.edu.eg/fulltext/bks/B01-04937.pdf</a> |
| 905 ## - Cataloger and Reviser Names | |
| Cataloger Name: | Omar |
| 942 ## - ADDED ENTRY ELEMENTS (KOHA) | |
| Source of classification or shelving scheme | Dewey Decimal Classification |
| Suppress in OPAC | No |
| Koha item type | Books |
| Edition | 21 |
| Withdrawn status | Lost status | Source of classification or shelving scheme | Damaged status | Not for loan | Collection | Home library | Current library | Date acquired | Total checkouts | Full call number | Barcode | Date last seen | Copy number | Price effective from | Koha item type |
|---|---|---|---|---|---|---|---|---|---|---|---|---|---|---|---|
| Dewey Decimal Classification | Not for loan | الشريعة الإسلامية | جــــامعة القــاهرة | مكتبة كلية الحقوق - المبنى الرئيسي | 16.03.2026 | Law1 01 251 م ح . م [1960] 0104937 C1 | B01-04937 | 16.03.2026 | 1 | 16.03.2026 | Books | ||||
| Dewey Decimal Classification | الشريعة الإسلامية | جــــامعة القــاهرة | مكتبة كلية الحقوق - المبنى الرئيسي | 16.03.2026 | Law1 01 251 م ح . م [1960] 0104938 C2 | B01-04938 | 16.03.2026 | 2 | 16.03.2026 | Books |